Normal view
MARC view
- Managerial economics
Entry Topical Term
001 - CONTROL NUMBER
- control field: 1731
003 - CONTROL NUMBER IDENTIFIER
- control field: JO-AjAnu
005 - DATE AND TIME OF LATEST TRANSACTION
- control field: 20230606070603.0
008 - FIXED-LENGTH DATA ELEMENTS
- fixed length control field: 230606|| aca||aabn | a|a d
040 ## - CATALOGING SOURCE
- Original cataloging agency: JO-AjAnu
- Transcribing agency: JO-AjAnu
150 ## - HEADING--TOPICAL TERM
- Topical term or geographic name entry element: Managerial economics
670 ## - SOURCE DATA FOUND
- Source citation: Work cat.: (JO-AjAnu)913: Hirschey,Mark, author 1730, ECONOMICS FOR MANAGERS